| 000 | 00350 a2200133 4500 | ||
|---|---|---|---|
| 005 | 20250628170053.0 | ||
| 082 | _a653 HAY | ||
| 100 | _aHAYDON, D. F. | ||
| 245 | _aPractical Dictation and Transcription, | ||
| 260 |
_aNew York, _bPITMAN PUBLISHING CORPORATION, _c1965, |
||
| 300 |
_aix, 456p,: ill.; _c21.5cm |
||
| 700 | _aGORDON, E. | ||
| 942 |
_2ddc _cBKS |
||
| 999 |
_c6130 _d6130 |
||